000 00828nam a2200229Ia 4500
003 GCL
008 140319s9999 xx 000 0 ara d
040 _aGCL /
_cGCL
082 0 4 _a341.230968
_bع أ
100 1 _aعطية حسين افندى عطية
245 1 0 _aالامم المتحدة وقضايا الجنوب /
_cعطية حسين افندى عطية
250 _aالاولى
260 _aالقاهرة :
_bمركز دراسات وبحوث الدول النامية جامعة القاهرة ،
_c1996
300 _a145 ص
490 _aقضايا التنمية
_v0
650 0 4 _aالامم المتحدة
650 0 4 _aالامن الدولى
650 0 4 _aالمنظمات الدولية
650 0 4 _aجنوب افريقيا
650 0 4 _aالامم المتحدة - الميثاق
942 _2ddc
_cBK
999 _c3990
_d3990